1825 1763 1403 1443 1423 1699 1416 1601 1567 1691 1574 1918 1080 1191 1955 1155 1559 1646 1838 1883 1765 1814 1248 1430 1992 1912 1613 1426 1411 1272 1566 1144 1347 1087 1880 1445 1552 1826 1673 1617 1375 1230 1357 1682 1274 1133 1383 1966 1068 1915 1023 1593 1618 1376 1674 1955 1520 1038 1842 1645 1675 1957 1056 1789 1976 1072 1063 1575 1083 1972 1944 1807 1112 1341 1565 1070 1765 1299 1949 1946 1792 1924 1684 1536 1450 1526 1435 1859 1177 1501 1186 1984 1598 1773 1370 1471 1737 1015 1894 BCNSPRNW ULIB Ver.6.0+V

เปลี่ยนเป็นภาษาไทย

Change to English
 แสดงรายละเอียดบรรณานุกรม
  กลับหน้าหลัก

Brief Record : Get Marc (ISO 2709) : E-mail record : QR code < ปิดหน้าต่าง
LEADER : 00000nam 2200000uu 4500
001    13399112140
003     ULIB
008    110627s2549||||th 000 0 tha d
020    9789749476433
090    นว.^bร387ล 2549
100 0  รัมย์
245 00 ลิขิตหัวใจในสวนรัก/^cรัมย์
250    พิมพ์ครั้งที่ 1
260    กรุงเทพฯ :^b1168 พับลิชชิ่ง,^c2549
300    364 หน้า
710 1  1168 พับลิชชิ่ง
945    ^p219^l0^i020305
995    ทศพร
999 ^a ใช้งานได้ทุกระบบ
รายการนี้ยังไม่มีแท็ก
คุณยังไม่ได้ล็อกอิน คุณสามารถมีกิจกรรมร่วมกับเว็บไซต์ได้ แต่ต้องล็อกอินก่อน ::
  ล็อกอิน

รายการสื่อสารสนเทศ

ลำดับที่ ประเภท เลขเรียก/บาร์โค้ด สถานที่ สถานะ
- ไม่พบข้อมูล -

รายการใกล้เคียง
    ผู้แต่ง [รัมย์]

BibComment


ยังไม่เคยถูกคอมเมนท์

คอมเมนท์ทรัพยากรรายการนี้
  คอมเมนท์: ลิขิตหัวใจในสวนรั..


 Copyright 2026. Bcnsprnw @Library